000 00754nam a2200217Ii 4500
003 JO-AjNU
008 230605s9999||||xx |||||||||||||| ||und||
017 _a1990/1004
040 _aJO-AjNU
_bara
_erda
_cJO-AjNU
041 _aara
050 1 4 _aBL226.H3778.1990
100 3 _aالحسن، كاظم ناصر,
_eauthor
_936795
245 0 0 _aفلسفة الخليقة :أو أصل الخلائق في مختلف العقائد
250 _aط1
264 3 1 _aبغداد:كاظم ناصر الحسن ،1990
300 _a146ص
336 _atext
_btxt
_2rdacontent
337 _aunmediated
_bn
_2rdamedia
338 _avolume
_bnc
_2rdacarrier
650 4 _aالخلق-اصل الانسان-النشوء والارتقاء-الكون-فلسفة
_936796
999 _aA15319
_c18887
_d18887